000
00205 a2200097 4500
001
12154
100
_a
Ali Ahmad Qamar
245
_a
Gard-e-Malal
260
_a
_b
Modern Book Depot
_c
090
_c
9361
_d
9361
942
_a
NUST-CAE
_c
M
_c
36224
999
_c
247227
_d
247227